Normal view
MARC view
- Guide, PMBOK
Entry Personal Name
001 - CONTROL NUMBER
- control field: 91910
003 - CONTROL NUMBER IDENTIFIER
- control field: NUST
005 - DATE AND TIME OF LATEST TRANSACTION
- control field: 20220527124222.0
008 - FIXED-LENGTH DATA ELEMENTS
- fixed length control field: 220527|| aca||aabn | a|a d
040 ## - CATALOGING SOURCE
- Original cataloging agency: NUST
- Transcribing agency: NUST
100 ## - HEADING--PERSONAL NAME
- Personal name: Guide, PMBOK
670 ## - SOURCE DATA FOUND
- Source citation: Work cat.: (NUST): Guide, PMBOK, A Guide to The Project Management Body of Knowledge, 2013.
